00697cam a2200229 i 4500020002500000020002200025082001400047100002800061245004700089250002100136260005700157300004400214500003200258500002000290650002500310650002300335650001500358650002400373650002600397650002400423700002000447 a9789350905340 (pbk.) a9350905345 (pbk.)00a616.9 PAN1 aPaniker, C. K. Jayaram,10aPaniker's Textbook of Medical Parasitology aSeventh edition. aNew DelhibJaypee Brothers Medical Publishers(p) Ltd axii, 266 pages :bcolor illustrations ; aPreviously published: 2007. aIncludes index. 0aMedical parasitology 0aParasitic diseases 2aParasites. 2aParasitic Diseases. 7aMedical parasitology. 7aParasitic diseases.1 aGhosh, Sougata,